Normal view
MARC view
- Pallet, E.H.J
Entry Personal Name
001 - CONTROL NUMBER
- control field: 83820
003 - CONTROL NUMBER IDENTIFIER
- control field: NUST
005 - DATE AND TIME OF LATEST TRANSACTION
- control field: 20211110152102.0
008 - FIXED-LENGTH DATA ELEMENTS
- fixed length control field: 211110|| aca||aabn | a|a d
040 ## - CATALOGING SOURCE
- Original cataloging agency: NUST
- Transcribing agency: NUST
100 ## - HEADING--PERSONAL NAME
- Personal name: Pallet, E.H.J
670 ## - SOURCE DATA FOUND
- Source citation: Work cat.: (NUST)33954: Pallet, E.H.J., Aircraft Electrical Systems /, 2013.
